[Event "Steinfurt Bezirksliga 1516"]
[Site "Germany"]
[Date "2015.11.28"]
[Round "3.4"]
[White "Radisic, Sascha"]
[Black "Stange, Joerg"]
[Result "1/2-1/2"]
[WhiteElo "1616"]
[BlackElo "1489"]
[PlyCount "92"]
[EventDate "2015.09.19"]
[EventType "team-tourn"]
[EventRounds "9"]
[EventCountry "GER"]
[SourceTitle "EXT 2017"]
[Source "ChessBase"]
[SourceDate "2016.10.25"]
[SourceVersion "1"]
[SourceVersionDate "2016.10.25"]
[SourceQuality "1"]
[WhiteTeam "Steinfurt II"]
[BlackTeam "Rheine CC"]
[WhiteTeamCountry "GER"]
[BlackTeamCountry "GER"]

1. Nf3 Nf6 2. c4 e6 3. g3 c6 4. b3 d5 5. Bb2 Nbd7 6. Bg2 Bd6 7. 0-0 0-0 8. Qc2 Re8 9. e3 e5 10. d3 a5 11. a3 Qe7 12. Nh4 Nf8 13. Nd2 h6 14. Rfc1 g5 15. Nhf3 Bg4 16. c5 Bc7 17. b4 N8d7 18. e4 Rad8 19. Bc3 d4 20. Bb2 Be6 21. Nc4 Bxc4 22. Qxc4 Qe6 23. Nd2 Ra8 24. Qxe6 Rxe6 25. Nc4 h5 26. Rd1 b5 27. cxb6 Bxb6 28. Rdb1 axb4 29. axb4 Rb8 30. Bc1 g4 31. f4 gxf3 32. Bxf3 Ng4 33. h3 Rf6 34. Kg2 Ne3+ 35. Bxe3 dxe3 36. Nxb6 Rxb6 37. Re1 Rxb4 38. Rxe3 Rb2+ 39. Re2 Rxe2+ 40. Bxe2 Rh6 41. Ra8+ Kg7 42. Ra7 Nc5 43. Re7 Ne6 44. Bd1 Kf6 45. Ra7 Nd4 46. Rc7 Rh8 1/2-1/2

[Event "Rostock SSC op 14th"]
[Site "Rostock"]
[Date "2015.08.02"]
[Round "7.33"]
[White "Stange, Joerg"]
[Black "Wulf, Doris"]
[Result "1-0"]
[WhiteElo "1715"]
[BlackElo "1368"]
[PlyCount "57"]
[EventDate "2015.07.29"]
[EventType "swiss"]
[EventRounds "7"]
[EventCountry "GER"]
[SourceTitle "EXT 2019"]
[Source "ChessBase"]
[SourceDate "2018.10.10"]
[SourceVersion "1"]
[SourceVersionDate "2018.10.10"]
[SourceQuality "1"]

1. d4 Nf6 2. c4 e6 3. Bg5 Be7 4. Nc3 d5 5. e3 0-0 6. Nf3 c6 7. Rc1 Nbd7 8. c5 Re8 9. b4 Qc7 10. Bf4 Qd8 11. h3 Nf8 12. Ne5 N6d7 13. Bd3 f6 14. Nf3 b6 15. 0-0 bxc5 16. bxc5 e5 17. dxe5 fxe5 18. Nxe5 Nxe5 19. Bxe5 Bxc5 20. Bg3 Bd6 21. Ne2 Bxg3 22. Nxg3 Qd6 23. Qc2 Bd7 24. Rfd1 Rac8 25. Ne4 dxe4 26. Bc4+ Qe6 27. Bxe6+ Rxe6 28. Qb3 Be8 29. Qb7 1-0

[Event "Rostock SSC op 14th"]
[Site "Rostock"]
[Date "2015.08.01"]
[Round "6.33"]
[White "Stange, Joerg"]
[Black "Breuel, Steffen"]
[Result "1/2-1/2"]
[WhiteElo "1715"]
[BlackElo "1438"]
[PlyCount "20"]
[EventDate "2015.07.29"]
[EventType "swiss"]
[EventRounds "7"]
[EventCountry "GER"]
[SourceTitle "EXT 2019"]
[Source "ChessBase"]
[SourceDate "2018.10.10"]
[SourceVersion "1"]
[SourceVersionDate "2018.10.10"]
[SourceQuality "1"]

1. d4 d5 2. c4 Nc6 3. cxd5 Qxd5 4. Nf3 e5 5. Nc3 Bb4 6. dxe5 Bxc3+ 7. bxc3 Qxd1+ 8. Kxd1 Be6 9. e4 0-0-0+ 10. Kc2 f6 1/2-1/2

[Event "Rostock SSC op 14th"]
[Site "Rostock"]
[Date "2015.07.31"]
[Round "4.18"]
[White "Menkhaus, Wolf Dieter"]
[Black "Stange, Joerg"]
[Result "1-0"]
[WhiteElo "1905"]
[BlackElo "1715"]
[PlyCount "55"]
[EventDate "2015.07.29"]
[EventType "swiss"]
[EventRounds "7"]
[EventCountry "GER"]
[SourceTitle "EXT 2019"]
[Source "ChessBase"]
[SourceDate "2018.10.10"]
[SourceVersion "1"]
[SourceVersionDate "2018.10.10"]
[SourceQuality "1"]

1. d4 d5 2. c4 e6 3. Nc3 Nf6 4. Bg5 Nbd7 5. Nf3 c6 6. e3 Qa5 7. Bxf6 Nxf6 8. Nd2 Bb4 9. Qc2 0-0 10. Bd3 dxc4 11. Bxc4 Bd6 12. f4 Qh5 13. Nf3 Ng4 14. Qe2 b5 15. Bd3 f5 16. Rc1 a5 17. h3 a4 18. 0-0 Nf6 19. Ne5 Qxe2 20. Nxe2 Nd5 21. Kf2 Bxe5 22. fxe5 f4 23. exf4 Nxf4 24. Nxf4 Rxf4+ 25. Ke3 Rxf1 26. Rxf1 Bd7 27. Be4 Rf8 28. Bxh7+ 1-0

[Event "Rostock SSC op 14th"]
[Site "Rostock"]
[Date "2015.07.30"]
[Round "3.14"]
[White "Birnbaum, Wolf Dieter"]
[Black "Stange, Joerg"]
[Result "1/2-1/2"]
[WhiteElo "1922"]
[BlackElo "1715"]
[PlyCount "72"]
[EventDate "2015.07.29"]
[EventType "swiss"]
[EventRounds "7"]
[EventCountry "GER"]
[SourceTitle "EXT 2019"]
[Source "ChessBase"]
[SourceDate "2018.10.10"]
[SourceVersion "1"]
[SourceVersionDate "2018.10.10"]
[SourceQuality "1"]

1. Nf3 Nf6 2. g3 d5 3. Bg2 c6 4. 0-0 Bf5 5. d4 h6 6. c4 Qc8 7. Re1 e6 8. cxd5 cxd5 9. Nc3 Bd6 10. Nb5 Qc6 11. Nxd6+ Qxd6 12. Bf4 Qe7 13. Rc1 Nc6 14. Ne5 Rc8 15. Qa4 0-0 16. Nxc6 Rxc6 17. Rxc6 bxc6 18. Qxc6 Qb4 19. Qc3 Qa4 20. a3 Re8 21. Rc1 Qb5 22. Bf1 Qa4 23. e3 Ne4 24. Qc6 Qxc6 25. Rxc6 Nd2 26. Bb5 Be4 27. h4 g5 28. hxg5 hxg5 29. Bd6 Kg7 30. Bc5 Rh8 31. f4 Rh1+ 32. Kf2 Rh2+ 33. Ke1 Nf3+ 34. Kd1 Rd2+ 35. Kc1 Rc2+ 36. Kd1 Rd2+ 1/2-1/2

[Event "Dortmund Sparkassen op-B"]
[Site "Dortmund"]
[Date "2015.07.01"]
[Round "5"]
[White "Stange, Joerg"]
[Black "Bonath, Michael Alexander"]
[Result "1-0"]
[WhiteElo "1489"]
[BlackElo "1717"]
[PlyCount "105"]
[EventDate "2015.06.27"]
[EventType "swiss"]
[EventRounds "9"]
[EventCountry "GER"]
[SourceTitle "CBM 167 Extra"]
[Source "ChessBase"]
[SourceDate "2015.09.14"]
[SourceVersion "1"]
[SourceVersionDate "2015.09.14"]
[SourceQuality "1"]

1. d4 d5 2. c4 e6 3. Nc3 dxc4 4. Nf3 Nf6 5. e3 a6 6. Bxc4 b5 7. Bd3 Bb7 8. a3 c5 9. 0-0 Be7 10. dxc5 Bxc5 11. b4 Bb6 12. Bb2 0-0 13. Rc1 Qe7 14. Qe2 Nbd7 15. Rfd1 Rac8 16. Bb1 Ba7 17. e4 Ng4 18. Nd4 Nge5 19. Ba2 Nc4 20. Bxc4 Rxc4 21. Na2 Rfc8 22. Kf1 Nb6 23. Nb3 Rxc1 24. Rxc1 Nc4 25. Na5 Nxb2 26. Nxb7 Qxb7 27. Rxc8+ Qxc8 28. Qxb2 Qc4+ 29. Qe2 Qb3 30. g3 g6 31. Nc1 Qxa3 32. Nd3 Qc3 33. e5 Qd4 34. h4 a5 35. bxa5 Qa1+ 36. Qe1 Qd4 37. Qe2 Qd5 38. Kg1 Qb3 39. Kg2 Qc3 40. Qf3 Qxa5 41. Qa8+ Kg7 42. Nc5 Bb6 43. Qc8 Bxc5 44. Qxc5 Qa8+ 45. Kg1 Qd5 46. Qc3 Qd1+ 47. Kg2 Qa4 48. Qf3 Qa5 49. h5 Qc7 50. Qf6+ Kf8 51. h6 Qc6+ 52. Kh2 Qc2 53. Qd8# 1-0

[Event "Dortmund Sparkassen op-B"]
[Site "Dortmund"]
[Date "2015.06.29"]
[Round "3"]
[White "Stange, Joerg"]
[Black "Bork, Sophie"]
[Result "0-1"]
[WhiteElo "1489"]
[BlackElo "1719"]
[PlyCount "82"]
[EventDate "2015.06.27"]
[EventType "swiss"]
[EventRounds "9"]
[EventCountry "GER"]
[SourceTitle "CBM 167 Extra"]
[Source "ChessBase"]
[SourceDate "2015.09.14"]
[SourceVersion "1"]
[SourceVersionDate "2015.09.14"]
[SourceQuality "1"]

1. d4 d5 2. c4 e6 3. Nf3 c5 4. cxd5 exd5 5. dxc5 Bxc5 6. e3 Nf6 7. Be2 Nc6 8. 0-0 0-0 9. a3 a6 10. b4 Ba7 11. Bb2 Re8 12. Nd4 Qd6 13. Bf3 Ne5 14. Nd2 Bb8 15. g3 Nxf3+ 16. N2xf3 h5 17. Nh4 Bh3 18. Re1 g6 19. Ndf3 Ba7 20. Bd4 b6 21. Bxf6 Qxf6 22. Qxd5 Rad8 23. Qg5 Qg7 24. Rad1 Rxd1 25. Rxd1 b5 26. Qd5 Bg4 27. Kg2 Qf6 28. h3 Be6 29. Qg5 Qb2 30. Rd2 Qa1 31. Rd8 Rxd8 32. Qxd8+ Kg7 33. Ng5 Bc4 34. Qd2 Qxa3 35. Nhf3 Qa1 36. h4 Bb6 37. Nh3 a5 38. bxa5 Bxa5 39. Qd4+ Qxd4 40. Nxd4 b4 41. Nc6 Bd5+ 0-1

[Event "Steinfurt Bezirksklasse 1415"]
[Site "Germany"]
[Date "2015.03.21"]
[Round "7.2"]
[White "Stange, Joerg"]
[Black "Borgmann, Simon"]
[Result "1/2-1/2"]
[WhiteElo "1459"]
[BlackElo "1289"]
[PlyCount "48"]
[EventDate "2014.09.20"]
[EventType "team-tourn"]
[EventRounds "9"]
[EventCountry "GER"]
[SourceTitle "EXT 2016"]
[Source "ChessBase"]
[SourceDate "2015.10.08"]
[SourceVersion "1"]
[SourceVersionDate "2015.10.08"]
[SourceQuality "1"]
[WhiteTeam "Rheine"]
[BlackTeam "Emsdetten Turm IV"]
[WhiteTeamCountry "GER"]
[BlackTeamCountry "GER"]

1. d4 d5 2. Nf3 e6 3. Bg5 Be7 4. Bxe7 Qxe7 5. a3 Nf6 6. e3 c5 7. dxc5 Qxc5 8. b4 Qc7 9. Bd3 Nbd7 10. 0-0 Ne5 11. Nbd2 Bd7 12. Nxe5 Qxe5 13. a4 0-0 14. Nf3 Qc7 15. h3 h6 16. Qe2 Rfc8 17. Rfc1 Qc3 18. b5 b6 19. Rab1 Qa5 20. Ra1 Rc7 21. Rcb1 Rac8 22. Rc1 Be8 23. Ne5 Qc3 24. f4 Ne4 1/2-1/2

[Event "Steinfurt Bezirksklasse 1415"]
[Site "Germany"]
[Date "2014.09.20"]
[Round "1.3"]
[White "Stange, Joerg"]
[Black "Zilske, Jan Niklas"]
[Result "0-1"]
[WhiteElo "1459"]
[BlackElo "1492"]
[PlyCount "102"]
[EventDate "2014.09.20"]
[EventType "team-tourn"]
[EventRounds "9"]
[EventCountry "GER"]
[SourceTitle "EXT 2016"]
[Source "ChessBase"]
[SourceDate "2015.10.08"]
[SourceVersion "1"]
[SourceVersionDate "2015.10.08"]
[SourceQuality "1"]
[WhiteTeam "Rheine"]
[BlackTeam "Reckenfeld II"]
[WhiteTeamCountry "GER"]
[BlackTeamCountry "GER"]

1. d4 d5 2. Nf3 Nf6 3. c4 e6 4. Nc3 g6 5. Bg5 Bg7 6. Qd2 Qd7 7. Ne5 Qd8 8. cxd5 exd5 9. e4 dxe4 10. Bc4 0-0 11. 0-0 b6 12. Rad1 Bb7 13. Rfe1 Nbd7 14. Qf4 Bc8 15. Nxe4 b5 16. Nc6 Nh5 17. Qh4 Qe8 18. Nf6+ Bxf6 19. Rxe8 Rxe8 20. Bf1 Bb7 21. Bxf6 Bxc6 22. Be5 Nxe5 23. dxe5 Rxe5 24. Rd8+ Re8 25. Rxa8 Rxa8 26. Qd4 a5 27. g4 Ng7 28. Bg2 Ne6 29. Qe5 Bxg2 30. Kxg2 b4 31. b3 c5 32. Kf1 Rd8 33. Qe2 Nf4 34. Qe1 Rd4 35. f3 Nd5 36. g5 Rd1 37. Qxd1 Ne3+ 38. Ke1 Nxd1 39. Kxd1 Kg7 40. Kd2 f6 41. Kd3 fxg5 42. Kc4 h5 43. Kxc5 Kf6 44. Kd4 Kf5 45. Ke3 Ke5 46. h3 Kf5 47. Kf2 Kf4 48. Kg2 g4 49. fxg4 hxg4 50. hxg4 Kxg4 51. Kf1 Kf4 0-1

[Event "Steinfurt Bezirksklasse 1314"]
[Site "Germany"]
[Date "2013.12.07"]
[Round "3.3"]
[White "Stange, Joerg"]
[Black "Beimdiek, Reiner"]
[Result "1/2-1/2"]
[WhiteElo "1494"]
[BlackElo "1766"]
[PlyCount "44"]
[EventDate "2013.10.05"]
[EventType "team-tourn"]
[EventRounds "9"]
[EventCountry "GER"]
[SourceTitle "EXT 2015"]
[Source "ChessBase"]
[SourceDate "2014.11.20"]
[SourceVersion "1"]
[SourceVersionDate "2014.11.20"]
[SourceQuality "1"]
[WhiteTeam "Rheine CC"]
[BlackTeam "Westerkappeln"]
[WhiteTeamCountry "GER"]
[BlackTeamCountry "GER"]

1. d4 Nf6 2. c4 e6 3. Nf3 b6 4. Bg5 Bb7 5. e3 Be7 6. Nc3 d5 7. Rc1 0-0 8. Bxf6 Bxf6 9. cxd5 exd5 10. Bd3 c5 11. 0-0 Nc6 12. dxc5 bxc5 13. Nxd5 Nb4 14. Nxf6+ Qxf6 15. Bb1 Rfd8 16. Qe2 Ba6 17. Rc4 Bxc4 18. Qxc4 Rac8 19. a3 Nc6 20. Qxc5 g6 21. Qb5 Rb8 22. Qc4 Ne5 1/2-1/2

[Event "Steinfurt Bezirksklasse 1112"]
[Site "Germany"]
[Date "2012.04.28"]
[Round "8.3"]
[White "Lerch, Heinz"]
[Black "Stange, Joerg"]
[Result "0-1"]
[WhiteElo "1413"]
[BlackElo "1477"]
[PlyCount "86"]
[EventDate "2011.09.24"]
[EventType "team-tourn"]
[EventRounds "9"]
[EventCountry "GER"]
[SourceTitle "EXT 2013"]
[Source "ChessBase"]
[SourceDate "2012.11.22"]
[SourceVersion "1"]
[SourceVersionDate "2012.11.22"]
[SourceQuality "1"]
[WhiteTeam "Saerbeck III"]
[BlackTeam "Rheine CC"]
[WhiteTeamCountry "GER"]
[BlackTeamCountry "GER"]

1. d4 d5 2. c4 e6 3. Nc3 Nf6 4. Bg5 Nbd7 5. Nf3 c6 6. e3 Qa5 7. Qc2 Bb4 8. Bxf6 Nxf6 9. Nd2 0-0 10. Bd3 Re8 11. 0-0-0 Bxc3 12. bxc3 e5 13. dxe5 Rxe5 14. Nf3 Qa3+ 15. Kd2 Ne4+ 16. Bxe4 Rxe4 17. Nd4 Qe7 18. Rde1 dxc4 19. f3 Rh4 20. Kd1 c5 21. Nf5 Qd7+ 22. Nd4 cxd4 23. exd4 Rh6 24. Re3 Re6 25. Rhe1 g6 26. Qd2 Qe8 27. d5 Rxe3 28. Rxe3 Qa4+ 29. Ke1 Bd7 30. Qe2 Re8 31. Re4 Qb5 32. d6 Qb1+ 33. Kf2 Qb6+ 34. Kf1 Rxe4 35. Qxe4 Qxd6 36. Qxb7 Qd3+ 37. Kf2 Qd2+ 38. Kg3 Qe1+ 39. Kf4 g5+ 40. Kxg5 Qe5+ 41. Kh4 Qxh2+ 42. Kg5 h6+ 43. Kf6 Qd6# 0-1

[Event "Steinfurt Bezirksklasse 1112"]
[Site "Germany"]
[Date "2011.11.19"]
[Round "3.3"]
[White "Stange, Joerg"]
[Black "Beeger, Kai"]
[Result "1-0"]
[WhiteElo "1477"]
[BlackElo "1140"]
[PlyCount "31"]
[EventDate "2011.09.24"]
[EventType "team-tourn"]
[EventRounds "9"]
[EventCountry "GER"]
[SourceTitle "EXT 2013"]
[Source "ChessBase"]
[SourceDate "2012.11.22"]
[SourceVersion "1"]
[SourceVersionDate "2012.11.22"]
[SourceQuality "1"]
[WhiteTeam "Rheine CC"]
[BlackTeam "Westerkappeln II"]
[WhiteTeamCountry "GER"]
[BlackTeamCountry "GER"]

1. d4 e6 2. c4 d5 3. Nf3 g6 4. Nc3 Ne7 5. Bg5 Nbc6 6. Bf6 Rg8 7. Qd2 h6 8. Rd1 Qd7 9. e4 dxe4 10. Nxe4 Nf5 11. c5 b6 12. Ne5 Qd5 13. f3 Bb7 14. Bb5 Nfe7 15. Nc3 Qd8 16. Nxc6 1-0

[Event "Steinfurt Bezirksklasse 1011"]
[Site "Germany"]
[Date "2011.03.19"]
[Round "8.4"]
[White "Stange, Joerg"]
[Black "Wehner, Siegfried"]
[Result "1/2-1/2"]
[WhiteElo "1515"]
[BlackElo "1406"]
[PlyCount "32"]
[EventDate "2010.09.25"]
[EventType "team-tourn"]
[EventRounds "9"]
[EventCountry "GER"]
[SourceTitle "EXT 2012"]
[Source "ChessBase"]
[SourceDate "2011.11.24"]
[SourceVersion "1"]
[SourceVersionDate "2011.11.24"]
[SourceQuality "1"]
[WhiteTeam "Rheine CC"]
[BlackTeam "Reckenfeld II"]
[WhiteTeamCountry "GER"]
[BlackTeamCountry "GER"]

1. d4 Nf6 2. c4 e6 3. Nf3 g6 4. Nc3 Bg7 5. Bg5 0-0 6. Qd2 d6 7. Bh6 Nbd7 8. Bxg7 Kxg7 9. Rd1 b6 10. e4 Bb7 11. Bd3 e5 12. dxe5 dxe5 13. 0-0 Re8 14. Rfe1 Nc5 15. b4 Nxd3 16. Qxd3 Qxd3 1/2-1/2

[Event "Steinfurt Bezirksklasse 1011"]
[Site "Germany"]
[Date "2011.02.26"]
[Round "7.4"]
[White "Beeger, Kai"]
[Black "Stange, Joerg"]
[Result "0-1"]
[WhiteElo "1165"]
[BlackElo "1515"]
[PlyCount "88"]
[EventDate "2010.09.25"]
[EventType "team-tourn"]
[EventRounds "9"]
[EventCountry "GER"]
[SourceTitle "EXT 2012"]
[Source "ChessBase"]
[SourceDate "2011.11.24"]
[SourceVersion "1"]
[SourceVersionDate "2011.11.24"]
[SourceQuality "1"]
[WhiteTeam "Westerkappeln II"]
[BlackTeam "Rheine CC"]
[WhiteTeamCountry "GER"]
[BlackTeamCountry "GER"]

1. Nc3 Nf6 2. b3 e6 3. e4 d5 4. e5 Ne4 5. Nxe4 dxe4 6. Qe2 Qd4 7. c3 Qxe5 8. d4 Qa5 9. b4 Bxb4 10. cxb4 Qxb4+ 11. Qd2 Qxd2+ 12. Bxd2 0-0 13. Rc1 c6 14. Bf4 Nd7 15. Nh3 h6 16. Bc4 b5 17. Bb3 Bb7 18. 0-0 g5 19. Bd6 Rfe8 20. Rfe1 Rad8 21. Rxe4 Nf6 22. Ree1 Rxd6 23. Red1 Red8 24. f4 g4 25. Nf2 Rxd4 26. g3 Rxd1+ 27. Bxd1 h5 28. Rc5 Rd5 29. Rxd5 exd5 30. Nd3 Nd7 31. Bb3 c5 32. Bc2 c4 33. Nc1 d4 34. Kf1 d3 35. Nxd3 cxd3 36. Bxd3 Bc6 37. Bf5 Kg7 38. Ke1 Nc5 39. Bc2 a5 40. a3 Be4 41. Bd1 f5 42. Be2 b4 43. axb4 axb4 44. Kd1 Bf3 0-1

[Event "Steinfurt Bezirksklasse 1011"]
[Site "Germany"]
[Date "2010.12.18"]
[Round "4.4"]
[White "Dunker, Felix"]
[Black "Stange, Joerg"]
[Result "1-0"]
[WhiteElo "1220"]
[BlackElo "1515"]
[PlyCount "47"]
[EventDate "2010.09.25"]
[EventType "team-tourn"]
[EventRounds "9"]
[EventCountry "GER"]
[SourceTitle "EXT 2012"]
[Source "ChessBase"]
[SourceDate "2011.11.24"]
[SourceVersion "1"]
[SourceVersionDate "2011.11.24"]
[SourceQuality "1"]
[WhiteTeam "Emsdetten Turm IV"]
[BlackTeam "Rheine CC"]
[WhiteTeamCountry "GER"]
[BlackTeamCountry "GER"]

1. e4 e5 2. Nf3 Nf6 3. Nc3 Bb4 4. Bc4 0-0 5. d3 Bxc3+ 6. bxc3 d5 7. exd5 Nxd5 8. Bxd5 Qxd5 9. 0-0 Bg4 10. Re1 Nc6 11. c4 Bxf3 12. cxd5 Bxd1 13. Rxd1 Nd4 14. c4 f6 15. f3 Rfe8 16. Ba3 h5 17. h3 Kf7 18. Kf2 g5 19. g4 Kg6 20. Rg1 f5 21. Rae1 hxg4 22. hxg4 Rh8 23. Rxe5 Rh2+ 24. Ke3 1-0

[Event "Steinfurt Bezirksliga 0910"]
[Site "Germany"]
[Date "2010.05.15"]
[Round "9.3"]
[White "Stange, Joerg"]
[Black "Wehner, Siegfried"]
[Result "1/2-1/2"]
[WhiteElo "1546"]
[BlackElo "1431"]
[PlyCount "58"]
[EventDate "2009.09.12"]
[EventType "team-tourn"]
[EventRounds "9"]
[EventCountry "GER"]
[SourceTitle "EXT 2011"]
[Source "ChessBase"]
[SourceDate "2010.11.26"]
[SourceVersion "1"]
[SourceVersionDate "2010.11.26"]
[SourceQuality "1"]
[WhiteTeam "Rheine"]
[BlackTeam "Reckenfeld II"]
[WhiteTeamCountry "GER"]
[BlackTeamCountry "GER"]

1. d4 Nf6 2. c4 e6 3. Nc3 Bb4 4. Qc2 c5 5. e3 0-0 6. Be2 cxd4 7. exd4 Nc6 8. Nf3 b6 9. Bd3 Bb7 10. a3 Bxc3+ 11. bxc3 Ne7 12. Bg5 Ng6 13. Bxf6 Qxf6 14. Be4 Bxe4 15. Qxe4 Rac8 16. Nd2 Rfe8 17. 0-0 Qf4 18. Qe3 d5 19. Qd3 Qc7 20. cxd5 Nf4 21. Qf3 exd5 22. Rae1 Ne6 23. Re3 Qd6 24. Nb1 Ng5 25. Qe2 Re6 26. Rxe6 fxe6 27. f3 Nf7 28. Re1 Re8 29. Qa6 Qc7 1/2-1/2

[Event "Steinfurt Bezirksliga 0910"]
[Site "Germany"]
[Date "2010.04.24"]
[Round "8.3"]
[White "Baltes, Manfred"]
[Black "Stange, Joerg"]
[Result "1/2-1/2"]
[WhiteElo "1557"]
[BlackElo "1546"]
[PlyCount "58"]
[EventDate "2009.09.12"]
[EventType "team-tourn"]
[EventRounds "9"]
[EventCountry "GER"]
[SourceTitle "EXT 2011"]
[Source "ChessBase"]
[SourceDate "2010.11.26"]
[SourceVersion "1"]
[SourceVersionDate "2010.11.26"]
[SourceQuality "1"]
[WhiteTeam "Steinfurt III"]
[BlackTeam "Rheine"]
[WhiteTeamCountry "GER"]
[BlackTeamCountry "GER"]

1. e4 e5 2. Nf3 Nf6 3. Nxe5 d6 4. Nf3 Nxe4 5. Qe2 Qe7 6. d3 Nf6 7. Bg5 Qxe2+ 8. Bxe2 Be7 9. Nbd2 h6 10. Bh4 Nc6 11. h3 Be6 12. a3 Nd5 13. Bxe7 Ncxe7 14. Nd4 Nf6 15. Bf3 0-0 16. 0-0 Bd5 17. Rfe1 Ng6 18. c4 Bxf3 19. N2xf3 a6 20. g3 Rfe8 21. b4 Rxe1+ 22. Rxe1 Re8 23. b5 Rxe1+ 24. Nxe1 axb5 25. Nxb5 Ne8 26. f4 Kf8 27. Kf2 Ke7 28. Nc2 Kd7 29. Ncd4 Ne7 1/2-1/2

[Event "Steinfurt Bezirksklasse 0809"]
[Site "Germany"]
[Date "2009.03.28"]
[Round "6.4"]
[White "Stange, Joerg"]
[Black "Niering, Bernhard"]
[Result "1-0"]
[WhiteElo "1543"]
[BlackElo "1268"]
[PlyCount "63"]
[EventDate "2008.09.13"]
[EventType "team-tourn"]
[EventRounds "7"]
[EventCountry "GER"]
[SourceTitle "EXT 2010"]
[Source "ChessBase"]
[SourceDate "2010.11.25"]
[SourceVersion "1"]
[SourceVersionDate "2010.11.25"]
[SourceQuality "1"]
[WhiteTeam "Rheine CC"]
[BlackTeam "Steinfurt IV"]
[WhiteTeamCountry "GER"]
[BlackTeamCountry "GER"]

1. d4 d5 2. Nf3 Bf5 3. Bf4 Nf6 4. e3 h6 5. c4 Nh5 6. Bg3 e6 7. Nc3 Nxg3 8. hxg3 Nc6 9. cxd5 exd5 10. Bb5 a6 11. Bxc6+ bxc6 12. Ne5 Qd6 13. Qa4 Bd7 14. a3 Be7 15. Rc1 Bf6 16. Nxd7 Kxd7 17. Rc2 Rhe8 18. 0-0 Re6 19. Rfc1 Ke7 20. Ne2 Qd7 21. Nf4 Rd6 22. Rxc6 Ra7 23. Qc2 Rb7 24. b4 Kd8 25. Rxd6 Qxd6 26. Qc5 Rb5 27. Qxd6+ cxd6 28. Rc6 a5 29. Rxd6+ Ke7 30. Rxd5 Rxd5 31. Nxd5+ Kd6 32. Nxf6 1-0

[Event "Steinfurt Bezirksliga 0607"]
[Site "Germany"]
[Date "2007.04.28"]
[Round "9.4"]
[White "Stange, Joerg"]
[Black "Kornick, Ulrich"]
[Result "0-1"]
[WhiteElo "1492"]
[BlackElo "1811"]
[PlyCount "40"]
[EventDate "2006.09.09"]
[EventType "team-tourn"]
[EventRounds "9"]
[EventCountry "GER"]
[SourceTitle "EXT 2008"]
[Source "ChessBase"]
[SourceDate "2007.11.25"]
[SourceVersion "1"]
[SourceVersionDate "2007.11.25"]
[SourceQuality "1"]
[WhiteTeam "Rheine CC"]
[BlackTeam "Rheine Klein Berlin II"]
[WhiteTeamCountry "GER"]
[BlackTeamCountry "GER"]

1. d4 d5 2. Nf3 Nf6 3. g3 e6 4. Bg2 Be7 5. 0-0 0-0 6. Nbd2 c5 7. Re1 Nc6 8. c3 cxd4 9. cxd4 Qb6 10. e3 Bd7 11. a3 Rfc8 12. b3 Rc7 13. Bb2 Na5 14. b4 Nc6 15. Ne5 Be8 16. Qe2 a5 17. Nb3 axb4 18. axb4 Rxa1 19. Rxa1 Nxb4 20. Qd1 Nc2 0-1

[Event "Steinfurt Bezirksliga 0607"]
[Site "Germany"]
[Date "2007.01.13"]
[Round "5.6"]
[White "Stange, Joerg"]
[Black "Niedenzu, Gerhard"]
[Result "0-1"]
[WhiteElo "1492"]
[BlackElo "1507"]
[PlyCount "60"]
[EventDate "2006.09.09"]
[EventType "team-tourn"]
[EventRounds "9"]
[EventCountry "GER"]
[SourceTitle "EXT 2008"]
[Source "ChessBase"]
[SourceDate "2007.11.25"]
[SourceVersion "1"]
[SourceVersionDate "2007.11.25"]
[SourceQuality "1"]
[WhiteTeam "Rheine CC"]
[BlackTeam "Ibbenbueren II"]
[WhiteTeamCountry "GER"]
[BlackTeamCountry "GER"]

1. d4 d5 2. Nf3 Nf6 3. Bf4 e6 4. e3 Bd6 5. Ne5 Nbd7 6. Be2 c5 7. Nxf7 Kxf7 8. Bxd6 Qa5+ 9. Nd2 Ne4 10. dxc5 Ndxc5 11. Be5 Rf8 12. Bd3 Nxd2 13. Qxd2 Qxd2+ 14. Kxd2 Nxd3 15. cxd3 Kg8 16. f4 Bd7 17. g4 Bc6 18. Rhg1 Rf7 19. h4 Rd8 20. h5 Rdd7 21. b4 a6 22. a4 Rf8 23. Rgb1 Ra8 24. b5 axb5 25. axb5 Rxa1 26. bxc6 Ra2+ 27. Kc3 bxc6 28. Rb8+ Kf7 29. Rh8 h6 30. Rh7 Kg8 0-1

[Event "Steinfurt Bezirksliga 0607"]
[Site "Germany"]
[Date "2006.11.04"]
[Round "3.4"]
[White "Bartsch, Rainer"]
[Black "Stange, Joerg"]
[Result "1-0"]
[WhiteElo "1964"]
[BlackElo "1492"]
[PlyCount "88"]
[EventDate "2006.09.09"]
[EventType "team-tourn"]
[EventRounds "9"]
[EventCountry "GER"]
[SourceTitle "EXT 2008"]
[Source "ChessBase"]
[SourceDate "2007.11.25"]
[SourceVersion "1"]
[SourceVersionDate "2007.11.25"]
[SourceQuality "1"]
[WhiteTeam "Saerbeck II"]
[BlackTeam "Rheine CC"]
[WhiteTeamCountry "GER"]
[BlackTeamCountry "GER"]

1. f4 d5 2. Nf3 Nf6 3. e3 e6 4. Be2 Be7 5. 0-0 0-0 6. b3 c5 7. Bb2 Nc6 8. c4 d4 9. exd4 Nxd4 10. Nxd4 cxd4 11. d3 a5 12. Bf3 Rb8 13. Nd2 Qd6 14. g3 b5 15. Rc1 Rd8 16. Qe2 bxc4 17. Nxc4 Qa6 18. Ne5 Bd7 19. Bc6 Be8 20. Bxe8 Rxe8 21. Bxd4 Rbd8 22. Bf2 Rc8 23. Rc4 Ba3 24. Rd1 Nd5 25. Bd4 Rxc4 26. dxc4 Nf6 27. Ng4 Rd8 28. Nxf6+ gxf6 29. Bxf6 Rxd1+ 30. Qxd1 Bc5+ 31. Kf1 Qc6 32. Qd8+ Bf8 33. Kf2 Qh1 34. Ke3 Qg1+ 35. Kd3 Qd1+ 36. Ke3 Qg1+ 37. Kf3 Qh1+ 38. Kg4 Qxh2 39. Be7 h5+ 40. Kf3 Qh1+ 41. Ke2 Qg2+ 42. Kd1 Qf3+ 43. Kc2 Qe2+ 44. Kb1 Qe1+ 1-0